Obálka Náhled e-knihy:
Epub
Pro půjčování e-knih musíte být přihlášeni.
Jak si půjčit online?

Robin /

The sequel to The Head of the House of Coombe, Burnett's Robin begins at the start of WWI, when Donal, a young, handsome soldier, is facing a great possibility of death. Before his departure for Germany, he leaves his lover, Robin, under the supervision of the stodgy Earl of Coombe.

Uloženo v:
Hlavní autor: Burnett, Frances Hodgson (Autor)
Médium: E-kniha
Jazyk:Czech
Vydáno: Praha : Saga Egmont, 2021
Tagy:
Žádné tagy
LEADER 01178nam a22002297i 4500
001 312050
007 ta
008 260601s2021 xr ||||| |||| 00| 0 cze d
020 |a 9990003835130 
044 |a xr 
100 1 |a  Burnett, Frances Hodgson  |4 aut 
245 1 0 |a Robin /  |c  Burnett, Frances Hodgson 
264 1 |a Praha :  |b Saga Egmont,  |c 2021 
300 |a 1 online zdroj (158 stran) 
336 |a text  |b txt  |2 rdacontent 
337 |a bez média  |b n  |2 rdamedia 
338 |a online zdroj  |b cr  |2 rdacarrier 
520 2 |a The sequel to The Head of the House of Coombe, Burnett's Robin begins at the start of WWI, when Donal, a young, handsome soldier, is facing a great possibility of death. Before his departure for Germany, he leaves his lover, Robin, under the supervision of the stodgy Earl of Coombe. 
910 |a RBIT002 
998 |d 383513  |a https://core.palmknihy.cz/api/books/383513/cover?s2ile9  |b https://core.palmknihy.cz/api/books/383513/cover/400?s2ile9  |c https://core.palmknihy.cz/api/books/383513/cover/50?s2ile9  |e   |g 158  |i 9990003835130  |j https://core.palmknihy.cz/api/books/383513/preview.epub  |l   |q 49  |r 1  |s https://www.palmknihy.cz/kniha/383513  |t ebook  |y 2021  |z 1 
999 |d 312048